Artists / Singers by their Songs #23 - Statistics

General Stats
  • This quiz has been taken 43 times
  • The average score is 4 of 10
Answer Stats
Hint Answer % Correct
Losing My Religion / Everybody Hurts / Man on the Moon / It’s The End Of The World As We Know It (And I Feel Fine) R.E.M.
89%
Sweet Caroline / I Am... I Said / Cracklin’ Rosie / America Neil Diamond
77%
Budapest / Shotgun / Green Green Grass / Hold My Girl George Ezra
46%
Friends in Low Places / If Tomorrow Never Comes / The Dance / The Thunder Rolls Garth Brooks
40%
Push the Button / Round Round / Freak Like Me / About You Now Sugababes
26%
Time to Say Goodbye / Vivo per lei / The Prayer / Con Te Partirò Andrea Bocelli
23%
Love Myself / Starving / Let Me Go / Capital Letters Hailee Steinfeld
20%
When You Say Nothing at All / If Tomorrow Never Comes / Life Is a Rollercoaster / Lovin' Each Day Ronan Keating
20%
The House That Built Me / Gunpowder & Lead / The House That Built Me / Somethin' Bad Miranda Lambert
11%
Look at Me / It's Raining Men / Mi Chico Latino / Lift Me Up Geri Halliwell
9%
No matching quizzes found
Score Distribution
Percent of People with Each Score
Percentile by Number Answered
Your Score History
You have not taken this quiz